000 00429nam a22001337a 4500
040 _cNUST
082 _a220 PRO
100 _aFizah Khalid Romessa Fatima Taha Bin Saeed
_986289
110 _aProject Supervisor Dr. Shahzor Ahmad
_986290
245 _aPR-SOF-2094-OBD-II Based Vehicle Optimization Using Machine Learning
260 _aISLAMABAD:
_bNUST COLLEGE OF EME,
_c2021.
650 _aDE-ELECT-39
_986291
942 _2ddc
_cPR
999 _c587281
_d587281